Statistiques concernant Intercommunalités des Vosges

Cliquez ici pour prendre le quiz!

Statistiques générales

  • Ce quiz a été pris 18 fois
  • Le résultat moyen est 7 sur 12

Statistiques - réponses

Nombres de CommunesIntercommunalités% Correct
78Communauté d'agglomération d'Épinal
100%
77 (dont 03 dans la Meurthe-et-Moselle)Communauté d'agglomération de Saint-Dié-des-Vosges
94%
70 (dont 01 dans la Haute-Marne)Communauté de communes de l'Ouest Vosgien
88%
45Communauté de communes Terre d'Eau
88%
10Communauté de communes de la Porte des Vosges Méridionales
63%
76Communauté de communes de Mirecourt Dompaire
63%
08Communauté de communes Gérardmer Hautes Vosges
63%
34Communauté de communes Bruyères - Vallons des Vosges
56%
60Les Vosges Côté Sud-Ouest
25%
08Communauté de communes des Ballons des Hautes-Vosges
19%
14Communauté de communes des Hautes Vosges
19%
30Communauté de communes de la Région de Rambervillers
13%

Distribution des résultats

Percentile par nombre de réponses

% des personnes avec chaque résultat

Votre développement - résultats

Vous n’avez pas pris ce quiz